The Roystern Club all songs - Statistics

General Stats
  • This quiz has been taken 45 times
  • The average score is 42 of 56
Answer Stats
Hint Answer % Correct
Songs For The Spine Cariad
96%
Singles Cariad
96%
Songs For The Spine 30/20
93%
Singles 30/20
93%
Songs For The Spine The Patch Where Nothing Grows
93%
Singles The Patch Where Nothing Grows
93%
Roystern...Live From Coastal Studios The Patch Where Nothing Grows (Acoustic Version) (Live)
93%
Songs For The Spine Spinning
89%
Shaking Hips and Crashing Cars Mariana
86%
This State I'm In Mariana
86%
Singles Mariana
86%
Shaking Hips and Crashing Cars Mrs Narcissistic
86%
lying here, wasting away Mrs Narcissistic
86%
Singles Mrs Narcissistic
86%
Songs For The Spine Shivers
86%
Singles Shivers
86%
Songs For The Spine Glued To The Bed
82%
Singles Glued To The Bed
82%
lying here, wasting away Infatuated
82%
Shaking Hips and Crashing Cars Cherophobe
79%
lying here, wasting away Cherophobe
79%
Singles Cherophobe
79%
Shaking Hips and Crashing Cars I'm a Liar
79%
Songs For The Spine The Ballad of Glen Campbell
79%
Shaking Hips and Crashing Cars 52
75%
Shaking Hips and Crashing Cars Blisters
75%
Singles Blisters
75%
Shaking Hips and Crashing Cars Believe it or Not
71%
This State I'm In Believe It or Not
71%
Singles Believe It or Not
71%
Shaking Hips and Crashing Cars Cold Sweats
71%
lying here, wasting away Cold Sweats
71%
Singles Cold Sweats
71%
Roystern...Live From Coastal Studios Glue Song (Live)
71%
Singles Kerosene
71%
Shaking Hips and Crashing Cars Missed The Boat (Jumped in the Sea)
71%
Singles Missed the Boat (Jumped in the Sea)
71%
Singles Shawshank
71%
Shaking Hips and Crashing Cars The Deep End
71%
Singles The Deep End
71%
Shaking Hips and Crashing Cars A Tender Curiosity
68%
Songs For The Spine Crowbar
68%
Singles Old Man's Knees
68%
Shaking Hips and Crashing Cars Shallow Tragedy
68%
Singles Shallow Tragedy
68%
Roystern...Live From Coastal Studios Wichita Lineman (Live)
68%
This State I'm In Tangled Up
64%
Songs For The Spine Through The Cracks
64%
Songs For The Spine Curses & Spit
61%
Roystern...Live From Coastal Studios Curses & Spit (Piano Version) (Live)
61%
lying here, wasting away The Backburner
61%
Singles The Backburner
61%
Singles Coasting
57%
Shaking Hips and Crashing Cars (EP) You Belong With Me (Cover)
54%
This State I'm In Young
54%
Shaking Hips and Crashing Cars (EP) Star (Cover)
43%
No matching quizzes found
Score Distribution
Percent of People with Each Score
Percentile by Number Answered
Your Score History
You have not taken this quiz